000 00829namaa22001811i 4500
001 172985
003 ES-MaACL
005 20230906215110.0
008 091001s1877 sp r |||| | spa d
016 7 _zIND9100146317
040 _aSpMaBN
_bspa
_cA2
100 0 _aCatalina, Mariano.
_937037
245 1 0 _aLuchas de amor
_b: leyenda histórico-dramática en tres actos, /
_coriginal y en verso de Mariano Catalina.
260 _aMadrid :
_b[s.n.],
_c1877 (
_fImp. y Fundición de M. Tello)
300 _a92 p. ;
_c19 cm.
500 _aEn port.: Representóse en el Teatro Español ... la noche del 30 de diciembre de 1870.
852 _aES-MaACL
_jF-8601(3)
_q.- Falto de la cub. original
_z.- Enc. en un vol. facticio formando parte de la col. facticia "Teatro Español moderno", vol. 54
_z.- Firma de Gustavo Sáenz Diez, 1877
999 _c172985
_d172985